| Tag |
First Indicator |
Second Indicator |
Subfields |
| LEADER |
00000cam a22000004a 4500 |
| 001 |
in00002332021 |
| 005 |
20151108042409.0 |
| 008 |
070417s2007 ctuabf b 001 0 eng |
| 010 |
|
|
|a 2007016146
|
| 020 |
|
|
|a 9780313325809 (alk. paper)
|
| 020 |
|
|
|a 0313325804 (alk. paper)
|
| 035 |
|
|
|a (OCoLC)ocn123285114
|
| 040 |
|
|
|a DLC
|c DLC
|d UtOrBLW
|
| 043 |
|
|
|a f-ua---
|
| 049 |
|
|
|a TXAM
|
| 050 |
0 |
0 |
|a DT63
|b .H45 2007
|
| 082 |
0 |
0 |
|a 932
|2 22
|
| 100 |
1 |
|
|a Hellum, Jennifer.
|
| 245 |
1 |
4 |
|a The pyramids /
|c Jennifer Hellum.
|
| 264 |
|
1 |
|a Westport, Conn. :
|b Greenwood Press,
|c 2007.
|
| 300 |
|
|
|a xvii, 148 pages, 8 unnumbered pages of plates :
|b illustrations, map ;
|c 25 cm.
|
| 336 |
|
|
|a text
|b txt
|2 rdacontent
|
| 337 |
|
|
|a unmediated
|b n
|2 rdamedia
|
| 338 |
|
|
|a volume
|b nc
|2 rdacarrier
|
| 490 |
1 |
|
|a Greenwood guides to historic events of the ancient world
|
| 504 |
|
|
|a Includes bibliographical references (pages [135]-142) and index.
|
| 505 |
0 |
|
|a Historical overview -- Egyptian religion -- Symbolism of the pyramids -- The where and how of pyramid building -- The pyramid builders -- The architecture and art of the pyramid complex -- Interpretation and legacy.
|
| 650 |
|
0 |
|a Pyramids
|z Egypt.
|
| 651 |
|
0 |
|a Egypt
|x Civilization
|y To 332 B.C.
|
| 830 |
|
0 |
|a Greenwood guides to historic events of the ancient world.
|
| 945 |
|
|
|a PromptCat
|
| 946 |
|
|
|a stk
|
| 947 |
|
|
|a A14836251204
|
| 948 |
|
|
|a cataloged
|b h
|c 2007/10/1
|d c
|e dmitchel
|f 3:00:00 pm
|
| 994 |
|
|
|a 92
|b TXA
|
| 999 |
|
|
|a MARS
|
| 999 |
f |
f |
|s 0eae20d9-75b1-3e56-9dcd-58fbd090c6a0
|i 817848cb-d408-3546-9f2f-74b132c647e0
|t 0
|
| 952 |
f |
f |
|p normal
|a Texas A&M University
|b College Station
|c Sterling C. Evans Library
|d Evans: Library Stacks
|t 0
|e DT63 .H45 2007
|h Library of Congress classification
|i unmediated -- volume
|m A14836251204
|
| 998 |
f |
f |
|a DT63 .H45 2007
|t 0
|l Evans: Library Stacks
|